00291nam a2200097Ia 4500008004100000041000800041100002500049245006700074260003300141999001900174241105s9999 xx 000 0 und d aeng aKolhe Kavita9182677 aLandscape Development Of Muktai Temple Precinct At Narayangaon bM Arch Landscape, Punec2014 c360968d360968